00178nam a2200073Ia 4500008004100000100002500041245002400066260001400090170523s9999 xx 000 0 und d aGarg- R.N.- Garg- N. 0aEngineering Drawing aNaw Bhart